¿Es posible pensar otra escuela?

Gespeichert in:
Bibliographische Detailangaben
1. Verfasser: Segura, Dino de J.
Weitere Verfasser: Torres A., Oscar Oswaldo (Correción.)
Format: Buch
Sprache:Spanish
Veröffentlicht: Santa Fe de Bogotá : Escuela Pedagógica Experimental, 2000.
Schriftenreihe:Colección polémica educativa ; 3
Schlagworte:
Online Zugang:Enlace del recurso
Tags: Tag hinzufügen
Keine Tags, Fügen Sie den ersten Tag hinzu!

MARC

LEADER 00000cam a2200000 a 4500
001 C00368721c-2
003 OSt
005 20160721081458.0
008 000517s2000 ck r 00010 spa d
015 |a ck-2000-xxxx 
020 |a 9589550223 
035 |a AGY3386 LA 
040 |c CO-BoIIE 
041 0 |a spa 
043 |a s-ck--- 
082 0 4 |a 371.3   |b S34e  
100 1 |a Segura, Dino de J. 
245 1 0 |a ¿Es posible pensar otra escuela?   |c Dino Segura ; corrección Oscar Oswaldo Torres A. 
260 |a Santa Fe de Bogotá :   |b Escuela Pedagógica Experimental,   |c 2000. 
300 |a x, 206 p. ;  
440 0 |a Colección polémica educativa ;   |v 3 
504 |a Incluye bibliografías. 
650 |a Innovaciones educativas. 
650 |a Calidad de la educación  |z  Colombia. 
650 6 |a Educación  |x  Metodología. 
700 1 |a Torres A., Oscar Oswaldo.  |e Correción. 
942 |2 ddc  |c BK 
949 |a c   |b c 
999 |c 5059  |d 5059 
856 |u https://catalogo.idep.edu.co/cgi-bin/koha/opac-detail.pl?biblionumber=5059  |z Enlace del recurso